000 00297nam a2200145Ia 4500
100 _aKAMAT VITTHAL
650 _aGeneral
942 _cBK
366 _f20
245 _aUDYOJAK HONARACH ME
260 _bAMEY INSPIRING
_aPune
_c2012
082 _a658.1/KAM
300 _a254
546 _aENGLISH
999 _c26217
_d26217